| Поле | Инд. | ПП | Название | Значение |
|---|---|---|---|---|
| Тип записи | a | |||
| Библиографический уровень | m | |||
| 001 | _ | Контрольный номер | RU/ЭБС IPR BOOKS/94698 | |
| 005 | Дата корректировки | 20250915131019.8 | ||
| 008 | Кодируемые данные | 211122s2019 RU y f j 000 1 rus u | ||
| 020 | a | ISBN | 978-5-4263-0744-5 | |
| 040 | c | Служба, преобразующая запись | ЭБС IPR BOOKS | |
| 041 | a | Код языка текста | rus | |
| 044 | a | Код страны публикации | RU | |
| 080 | a | Индекс УДК | 79 | |
| 084 | 2 | Источник индекса | rubbk | |
| a | Индекс другой классификации/Индекс ББК | 75.1 | ||
| 245 | a | Заглавие | Теория, методика и практика физического воспитания | |
| b | Продолж. заглавия | учебное пособие | ||
| c | Ответственность | А. В. Сафошин, Ч. Т. Иванков, А. Я. Габбазова, С. Ч. Мухаметова | ||
| 250 | g | 2030-03-31 | ||
| a | Основные сведения об издании | Теория, методика и практика физического воспитания | ||
| 256 | a | Характеристики компьютерного файла | Электрон. дан. (1 файл) | |
| 260 | a | Место издания | Москва | |
| b | Издательство | Московский педагогический государственный университет | ||
| c | Дата издания | 2019 | ||
| 300 | a | Объем | 392 с. | |
| 500 | a | Примечание | Книга находится в премиум-версии ЭБС IPR BOOKS. | |
| 516 | a | Прим. о типе комп. файла/ данных | Текст | |
| 520 | a | Аннотация | Данное учебное пособие представлено в виде курса лекций. Каждая лекция является законченным разделом, отражающим решение одной из проблем физической культуры и спорта. В заключительной части раздела приводится перечень вопросов для подготовки к зачету, рекомендуемая литература, текстовый материал. В публикации раскрывается роль физической культуры и спорта в формировании всесторонне гармонически развитой личности, решении педагогических задач физического воспитания, изучении закономерностей процесса обучения и изменения работоспособности во время занятий с учетом физиологических и психологических особенностей занимающихся. Пособие рекомендуется для докторантов, аспирантов, магистрантов, бакалавров, студентов высших и средних образовательных учреждений физической культуры и спорта. Основной акцент делается на изучении данного пособия студентами заочной формы обучения. | |
| 521 | a | Примеч. о целев. назн. | Лицензия до 31.03.2030 | |
| 538 | a | Прим. о системных особенностях | электронный | |
| 653 | a | Ключевые слова | физическое воспитание | |
| 653 | a | Ключевые слова | физическая культура | |
| 653 | a | Ключевые слова | спорт | |
| 653 | a | Ключевые слова | методика | |
| 653 | a | Ключевые слова | упражнение | |
| 700 | 1_ | a | Другие авторы | Сафошин, А. В. |
| 4 | Код отношения | 070 | ||
| 700 | 1_ | a | Другие авторы | Иванков, Ч. Т. |
| 4 | Код отношения | 070 | ||
| 700 | 1_ | a | Другие авторы | Габбазова, А. Я. |
| 4 | Код отношения | 070 | ||
| 700 | 1_ | a | Другие авторы | Мухаметова, С. Ч. |
| 4 | Код отношения | 070 | ||
| 856 | 4_ | u | URL | http://www.iprbookshop.ru/94698.html |
| z | Примечание для пользователя | Участвует в КО |